000 00474nam a22001817a 4500
999 _c20223
_d20223
003 BDDh-ASL
005 20231015025848.0
008 201227s1993 ii ||||| |||| 00| 0 eng d
040 _cBDDh-ASL
082 _a233.5
_bKHD
100 1 _92616
_aKhan, Hazrat Inayat
245 1 4 _aThe Dance of the Soul /
260 _aDelhi:
_bMotilal Banarasidass Publishers,
_c1993.
300 _a277 p.:
_c18 cm.
650 0 _92618
_aDance
650 0 _92275
_aMusic
942 _2ddc
_cBK